000 03640nam a2200565Ia 4500
001 552
008 241029s9999 xx 000 0 und d
010 _a502
041 _aEspañol
082 _aINTEC/CyH-0154
245 0 _aIntegración de las tecnologías de la información y la comunicación, como herramienta pedagógica, en el proceso educativo, en el Distrito 02, Regional 17 y cinco centros de media de este Distrito Educativo, año 2011-2012
260 _aDistrito Nacional
300 _a62
520 _a12
630 _aAprendizaje Significativo
630 _aAptitudes
630 _aCalidad Educativa
630 _aRecursos Tecnológicos
630 _aTecnología Educativa
650 _aTecnología de la Información y de la Comunicación (TICs)
690 _aElaborado
700 _easesor
_aHernández Valerio, Wilfrido
700 _eautor
_aFrías de Jesús, José Mercedes
901 _a{"1":"Frías de Jesús"}
_b{"1":"José Mercedes"}
902 _a1
903 _a{"1":"Hernández Valerio"}
_b{"1":"Wilfrido"}
904 _aMaestría en
905 _aEducación
906 _a2
907 _aNO APLICA
908 _aNO APLICA
909 _aInstituto Tecnológico de Santo Domingo (INTEC)
910 _aNULL
_bNULL
911 _a["1"]
912 _aNO APLICA
913 _aNULL
914 _a01 de Septiembre de 2012
915 _a20/07/15 05:07
916 _aNULL
917 _aNULL
918 _aNO APLICA
919 _a["20","22","29","218","191"]
520 _aEl objetivo principal de esta investigación, consistió en conocer y valorar la integración de las TICS, en el proceso enseñanza- aprendizaje, a partir de la idea de "aprendizaje con tecnología", así como sugerir programas de capacitación que motiven a los docentes y personal técnico, a integrar la tecnología como herramienta pedagógica. La metodología utilizada fue de carácter cuantitativo-cualitativo y de tipo descriptivo, transversal y prospectivo.  Como técnicas emplearon la encuesta.  Los Centros objeto de investigación fueron: El Distrito Educativo 17-02; el Liceo Dr. Julio A. Cuello, Liceo Don Juan, Liceo TV-Centro El Bosque y el Liceo Padre A. Nicol.Entre las principales conclusiones, se destaca que el aspecto más relevante, es el uso de los recursos tecnológicos en las actividades regulares del Distrito, donde el 80% dijo estar totalmente de acuerdo con este aspecto sobre el uso y aplicación de las TICS.  El 80% dijo, que los recursos tecnológicos están disponibles para todo el personal. Esto demuestra que la mayoría de los encuestados, están de acuerdo con que en el Distrito 17-02 y los Centros Educativos de Media, se implementen las TICS en las actividades pedagógicas.  Que el personal técnico, administrativo y docente, integre las tecnologías, en beneficio de los aprendizajes de los y las estudiantes.De acuerdo a los resultados encontrados, el estudio recomienda a la dirección del Distrito Educativo 17-02 de Monte Plata, asumir con mayor apego el seguimiento al área tecnológica.  Al personal técnico, incluir el área de la tecnología, en sus planes de acompañamiento y seguimiento.  Se sugiere también, dotar de laboratorios de informática, a todos los Centros de la Educación Media y que estos estén provistos de Internet, para que puedan disfrutar de un servicio más completo.  Nombrar en cada Centro un docente, con las cualidades necesarias para la enseñanza de la tecnología con carácter educativo.
921 _a16
922 _a16
923 _a0
924 _aNO APLICA
942 _cTesis
999 _c502
_d502